ANATOMY & PHYSIOLOGY FOR PHYSIOTHRAPISTS (Record no. 1465)

MARC details
000 -LEADER
fixed length control field 00358nam a2200145Ia 4500
008 - FIXED-LENGTH DATA ELEMENTS--GENERAL INFORMATION
fixed length control field 150201s2000 xx 000 0 und d
082 ## - DEWEY DECIMAL CLASSIFICATION NUMBER
Classification number 611
Item number A00H
100 ## - MAIN ENTRY--PERSONAL NAME
Personal name MOFFAT , D.B.
245 ## - TITLE STATEMENT
Title ANATOMY & PHYSIOLOGY FOR PHYSIOTHRAPISTS
250 ## - EDITION STATEMENT
Edition statement 2ND
260 ## - PUBLICATION, DISTRIBUTION, ETC. (IMPRINT)
Name of publisher, distributor, etc. BLAEKWELL
Place of publication, distribution, etc. EDENBURGH
Date of publication, distribution, etc. 2000
300 ## - PHYSICAL DESCRIPTION
Extent 1-670
650 ## - SUBJECT ADDED ENTRY--TOPICAL TERM
Topical term or geographic name as entry element HUMAN ANATOMY
942 ## - ADDED ENTRY ELEMENTS (KOHA)
Source of classification or shelving scheme Dewey Decimal Classification
Koha item type Books
Holdings
Withdrawn status Lost status Source of classification or shelving scheme Damaged status Not for loan Collection code Home library Current library Shelving location Date acquired Source of acquisition SGTU Total Checkouts Full call number Barcode Date last seen Bill Date Koha item type Date last checked out
    Dewey Decimal Classification     MEDICAL SGT Medical Library SGT Medical Library Text Book 20/03/2013 UBS DDELHI SGTU   611 A00H FM5288 09/02/2015 20/03/2013 Books  
    Dewey Decimal Classification     MEDICAL SGT Medical Library SGT Medical Library Text Book 20/03/2013 UBS DDELHI SGTU   611 A00H FM5289 09/02/2015 20/03/2013 Books  
    Dewey Decimal Classification     MEDICAL SGT Medical Library SGT Medical Library Text Book 20/03/2013 UBS DDELHI SGTU 1 611 A00H FM5290 15/12/2025 20/03/2013 Books 28/11/2025
    Dewey Decimal Classification     MEDICAL SGT Medical Library SGT Medical Library Text Book 20/03/2013 UBS DDELHI SGTU 1 611 A00H FM5291 08/05/2019 20/03/2013 Books 07/05/2019
    Dewey Decimal Classification     MEDICAL SGT Medical Library SGT Medical Library Text Book 20/03/2013 UBS DDELHI SGTU   611 A00H FM5292 09/02/2015 20/03/2013 Books  
    Dewey Decimal Classification     MEDICAL SGT Medical Library SGT Medical Library Text Book 20/03/2013 UBS DDELHI SGTU   611 A00H FM5293 09/02/2015 20/03/2013 Books